| 000 | 00621 a2200193 4500 | ||
|---|---|---|---|
| 005 | 20250206083130.0 | ||
| 020 | _a9781779205780 | ||
| 050 |
_aHQ 1236 _bMUG 2021 |
||
| 100 |
_aMugomba , Slyvia Chirawu _eauthor |
||
| 245 |
_aWhat I Know and (don't know) about being part of and running a women's rights organisation / _cSlyvia , Chirawu Mugomba |
||
| 264 |
_aZimbabwe : _c2021 |
||
| 300 | _a130 pages | ||
| 336 |
_2rdacontent _atext _btxt |
||
| 337 |
_2rdamedia _aunmediated _bn |
||
| 338 |
_2rdacarrier _avolume _bnc |
||
| 504 | _aincludes index | ||
| 650 | _awomen'rights organisation | ||
| 942 |
_2lcc _cBK _h1236 _iMUG _kHQ |
||
| 999 |
_c11470 _d11470 |
||